| 000 | 00436nam a2200169Ia 4500 | ||
|---|---|---|---|
| 008 | 230711s9999||||xx |||||||||||||| ||und|| | ||
| 020 | _a978-93-81714-270 | ||
| 041 | _aENG | ||
| 082 |
_a630 _bHU-F |
||
| 100 | _aHunt,Donnell | ||
| 245 | 0 | _aFarm Power Machinery Management | |
| 250 | _a10th Ed. | ||
| 260 |
_c2001 _aNew Delhi _bMedtech A Division of Scientific International |
||
| 300 | _a368p. | ||
| 650 | _aAgriculture | ||
| 942 | _cBK | ||
| 999 |
_c7634 _d7634 |
||